Breve historia de los concilios /

En el contexto de la convocatoria al Concilio Vaticano II por Juan XXIII, el autor presenta una visión de conjunto de los concilios celebrados en la historia de Iglesia católica y su trascendencia para la vida de esta institución.

-д хадгалсан:
Номзүйн дэлгэрэнгүй
Үндсэн зохиолч: Jedin, Hubert (autor)
Формат: Ном
Хэл сонгох:испани
Хэвлэсэн: Barcelona, España : Herder, 1960, c1960
Нөхцлүүд:
Шошгууд: Шошго нэмэх
Шошго байхгүй, Энэхүү баримтыг шошголох эхний хүн болох!

MARC

LEADER 00000nam^a2200000^a^4500
001 000182328
005 20250521000000.0
009 20260310102003.835
037 |a Acervo ITESO - Biblioteca 
041 |a ESP 
082 |a 282. 1  |b JED 
100 |a Jedin, Hubert  |e (autor) 
240 1 1 |a [Breve historia de los concilios] 
245 1 0 |a Breve historia de los concilios /  |c H. Jedin ; tr. por Alejandro Ros. 
264 4 |a Barcelona, España :  |b Herder,  |c 1960, c1960 
300 |a 171 p. 
336 |a texto  |b txt  |2 rdacontenido 
337 |a sin mediación  |b n  |2 rdamedio 
338 |a volumen  |b nc  |2 rdasoporte 
500 |a Traducción de: Kleine Konsiliengeschichte 
520 |a En el contexto de la convocatoria al Concilio Vaticano II por Juan XXIII, el autor presenta una visión de conjunto de los concilios celebrados en la historia de Iglesia católica y su trascendencia para la vida de esta institución. 
649 |a XX 
650 |a Concilios y Sínodos -  |x Historia -  |x Tema Principal 
650 |a Teología Doctrinal 
650 |a Iglesia Católica -  |x Gobierno -  |x Historia 
650 |a Iglesia Católica -  |x Historia 
650 |a Catolicismo -  |x Historia 
650 |a Cristianismo -  |x Historia 
650 |a Religión -  |x Historia 
910 |a Fondo General 
920 |a Impresos - Libros 
930 |a Colección General 
905 |a 101 
901 |a 0500122259  |b IT1  |c ACC  |u 20250521 
902 |a https://opac.biblio.iteso.mx/vufind/Record/000182328